|
|
|
|
| LEADER |
01143na a2200325 4500 |
| 001 |
000031335 |
| 003 |
5975 |
| 005 |
20230309160215.0 |
| 008 |
151001s2013 000 eng |
| 040 |
|
|
|a LNN
|
| 041 |
|
|
|a eng
|
| 082 |
|
|
|a 420.65
|b NG-T
|
| 100 |
|
|
|a Nguyễn Thị Thu Trang
|
| 245 |
|
3 |
|a An Investigation into Linguistic Features of Cell Phone Advertising Slogans in English /
|c Nguyễn Thị Thu Trang.
|
| 260 |
|
|
|c 2013.
|
| 300 |
|
|
|a 68tr. : mh ; 30cm.
|
| 650 |
|
|
|a Nguyễn Thị Thu Trang, 2013, Advertising, Phone Advertising
|
| 852 |
|
|
|c Luận văn sinh viên
|
| OWN |
|
|
|a LNN
|
| AVA |
|
|
|a UDN50
|b LNN
|c English
|d 420.65 NG-T
|e available
|t Error 5001 Not defined in file expand_doc_bib_avail.
|f 1
|g 0
|h N
|i 0
|j AN
|k 1
|
| 999 |
|
|
|a From the UDN01
|
| AVA |
|
|
|a UDN50
|b LNN
|c English
|d 420.65 NG-T
|e available
|t Error 5001 Not defined in file expand_doc_bib_avail.
|f 1
|g 0
|h N
|i 0
|j AN
|k 1
|
| TYP |
|
|
|a Printed language
|
| 980 |
|
|
|a Mạng thư viện Đại học Đà Nẵng
|